[Event "XXVI Miedzynarodowy Festiwal Szachowy w Poznaniu - OPEN A"]
[Site "Poznan"]
[Date "2018-08-20"]
[Round "3.44"]
[White "Kapustka, Oskar"]
[Black "Zatylny, Jan "]
[Result "1/2-1/2"]
[WhiteTitle ""]
[BlackTitle ""]
[WhiteElo "1012"]
[BlackElo "1548"]

1. e4 e6 2. d4 d5 3. e5 c5 4. c3 a6 5. a4 Nc6 6. Nf3 h6 7. Be2 Bd7 8. Be3 b6 9.
O-O c4 10. Nbd2 Nge7 11. Qc2 Nf5 12. Bf4 g5 13. Bg3 Bg7 14. b3 b5 15. axb5 axb5
16. bxc4 bxc4 17. Qb2 O-O 18. Qb7 Rb8 19. Qa6 Rb6 20. Qa3 Qc7 21. Rfb1 Rfb8 22.
Bd1 Bf8 23. Qa2 Nce7 24. Qa5 Nc6 25. Qa2 Rxb1 26. Rxb1 Rxb1 27. Qxb1 Na5 28. Ne1
Be7 29. h3 Bc6 30. Bh2 Bd8 31. Nc2 Be7 32. Nb4 Bb7 33. Ba4 Qb6 34. Nc2 Bd8 35.
Qa2 Be7 36. Qb1 Qxb1+ 37. Nxb1 Bc6 38. Bxc6 Nxc6 39. f3 Na7 40. Kf2 Nb5 41. f4
Bd8 42. Nca3 Nc7 43. Nc2 Kg7 44. g4 Ne7 45. Ne3 Nb5 46. Ke2 Nc6 47. Kd2 Na5 48.
f5 Nb3+ 49. Kc2 Kg8 50. f6 Ba5 51. Nd1 Bb6 52. Bg3 Kh7 53. Bh2 Bd8 54. Bg3 Kg6
55. Bf2 Ba5 56. Be3 Na1+ 57. Kb2 Nb3 58. Kc2 Bd8 59. Bf2 h5 60. Bg3 Nc7 1/2-1/2

[Event "XXVI Miedzynarodowy Festiwal Szachowy w Poznaniu - OPEN A"]
[Site "Poznan"]
[Date "2018-08-20"]
[Round "3.45"]
[White "Zakrzewski, Bartosz"]
[Black "Lakowski, Filip"]
[Result "1/2-1/2"]
[WhiteTitle ""]
[BlackTitle ""]
[WhiteElo "1533"]
[BlackElo "1210"]

1. e4 g6 2. d4 Bg7 3. Nc3 d6 4. Be3 a6 5. f4 b5 6. a3 Bb7 7. Nf3 Nd7 8. Qd2 c5
9. d5 Nb6 10. Rb1 Nf6 11. h3 O-O 12. Be2 Qd7 13. O-O Rad8 14. Rfd1 e6 15. dxe6
Qxe6 16. e5 Nfd5 17. Ng5 Qe7 18. Nce4 Nxe3 19. exd6 Qe8 20. Qxe3 Bxe4 21. Qxe4
Bd4+ 22. Kh1 Rxd6 23. c3 Qxe4 24. Nxe4 Re6 25. Bf3 Be3 26. Re1 Bxf4 27. Nxc5 Rxe1+
28. Rxe1 Nc4 29. b3 Nxa3 30. Be4 Re8 31. Kg1 a5 32. Kf2 Bd2 33. Ra1 Bxc3 34. Rxa3
Bb4 35. Ra1 Bxc5+ 36. Kf3 Bb6 37. Rc1 b4 38. Rc6 Bd8 39. Rc8 Kg7 40. Bc6 Re6 41.
Bd5 Rd6 42. Ke4 Kf6 43. Kd4 Bb6+ 44. Ke4 g5 45. Rf8 Kg6 46. Ke5 Rd8 47. Bxf7+
Kg7 48. Rxd8 Bxd8 49. Bd5 Kg6 50. Be4+ Kg7 51. Kf5 h5 52. Bd5 Kf8 53. Ke6 Kg7
54. g4 Kh6 55. Kf5 hxg4 56. hxg4 Kg7 57. Ke6 Kf8 58. Kd7 Bf6 59. Kc6 Ke8 60. Kb5
Bd8 1/2-1/2

[Event "XXVI Miedzynarodowy Festiwal Szachowy w Poznaniu - OPEN A"]
[Site "Poznan"]
[Date "2018-08-20"]
[Round "3.46"]
[White "Huchwajda, Grzegorz"]
[Black "Zarzycki, Lukasz "]
[Result "1-0"]
[WhiteTitle ""]
[BlackTitle ""]
[WhiteElo "1531"]
[BlackElo "1130"]

1. e4 e5 2. Nf3 Nf6 3. Nc3 Nc6 4. Bb5 Bb4 5. O-O d6 6. Nd5 Ba5 7. d4 O-O 8. Bg5
a6 9. Bd3 Kh8 10. h3 Bb6 11. Nxf6 gxf6 12. Bh4 Rg8 13. c3 Bxh3 14. Kh2 Bd7 15.
d5 Na7 16. b4 Rg6 17. a4 Qg8 18. g3 a5 19. b5 Rh6 20. Qd2 Qg6 21. Rh1 Rg8 22.
Kg2 Kg7 23. Rag1 Kf8 24. Kf1 Nc8 25. Qc2 Qg7 26. Ke1 Ne7 27. Rh2 Ke8 28. Rgh1
Qf8 29. Bf1 Rhg6 30. Bh3 h5 31. Bxd7+ Kxd7 32. Rh3 Rh6 33. Qd2 Rg4 34. Qe2 Qg7
35. Nh2 Rgg6 36. Qc2 Qh8 37. Qd1 Rg8 38. Qf3 Rc8 39. g4 Rf8 40. g5 fxg5 41. Bxg5
Rg6 42. Rxh5 Qg7 43. Bxe7 Kxe7 44. Rf5 Rg1+ 45. Nf1 Rxh1 46. Qxh1 Qg4 47. Qf3
Qxf3 48. Rxf3 Rc8 49. Ng3 c6 50. Nf5+ Kd7 51. Ne3 Ke8 52. Nc4 Bd8 53. Nxd6+ 1-0

[Event "XXVI Miedzynarodowy Festiwal Szachowy w Poznaniu - OPEN A"]
[Site "Poznan"]
[Date "2018-08-20"]
[Round "3.47"]
[White "Szafranski, Maciej "]
[Black "Kolendo, Kajetan "]
[Result "0-1"]
[WhiteTitle ""]
[BlackTitle ""]
[WhiteElo "1425"]
[BlackElo "1132"]

1. e4 e6 2. d4 d5 3. Nc3 Bb4 4. e5 c5 5. a3 cxd4 6. Qxd4 Nc6 7. Bb5 Bxc3+ 8. Qxc3
Nge7 9. Qg3 Qa5+ 10. c3 Qxb5 11. Ne2 Nf5 12. Qf4 Qc4 13. Qxc4 dxc4 14. O-O b5
15. g4 Nfe7 16. Ng3 Bb7 17. Be3 Na5 18. a4 Nb3 19. Rad1 Nd5 20. Bd4 bxa4 21. f4
O-O 22. f5 a6 23. h3 Rac8 24. Kh2 Rc6 25. Ne4 Nxd4 26. Rxd4 Rb6 27. Rf2 exf5 28.
gxf5 Ne3 29. Nd6 Rb8 30. Kg3 Ba8 31. Re2 Rxd6 32. Rxd6 Nxf5+ 33. Kf4 Nxd6 0-1

[Event "XXVI Miedzynarodowy Festiwal Szachowy w Poznaniu - OPEN A"]
[Site "Poznan"]
[Date "2018-08-20"]
[Round "3.48"]
[White "Mozdzanowski, Filip"]
[Black "Nawrowski, Artur "]
[Result "1-0"]
[WhiteTitle ""]
[BlackTitle ""]
[WhiteElo "1411"]
[BlackElo "1024"]

1. c4 c6 2. Nf3 Nf6 3. g3 d5 4. cxd5 cxd5 5. Bg2 e6 6. O-O Bc5 7. d4 Be7 8. Nc3
Bd7 9. Bd2 O-O 10. Rc1 b5 11. a3 a5 12. Ne5 b4 13. Nxd7 Qxd7 14. Nb1 Nc6 15. e3
Rfb8 16. Qa4 Rc8 17. Rc2 Qb7 18. Rfc1 Ra6 19. Be1 Bd6 20. Nd2 Ne7 21. Bf1 Raa8
22. Nb3 Nd7 23. Rxc8+ Nxc8 24. Nc5 Nxc5 25. dxc5 Bf8 26. axb4 axb4 27. Qxb4 Rb8
28. Qxb7 Rxb7 29. Ba6 Rc7 30. Bxc8 Rxc8 31. b4 Ra8 32. b5 f5 33. b6 Rb8 34. Ba5
Bxc5 35. Rxc5 1-0

[Event "XXVI Miedzynarodowy Festiwal Szachowy w Poznaniu - OPEN A"]
[Site "Poznan"]
[Date "2018-08-20"]
[Round "3.50"]
[White "Lesien, Tymoteusz"]
[Black "Cichon, Mieczyslaw "]
[Result "1-0"]
[WhiteTitle ""]
[BlackTitle ""]
[WhiteElo "1147"]
[BlackElo "1199"]

1. d4 Nf6 2. c4 e6 3. Bg5 Nc6 4. Nf3 b6 5. Nc3 Ba6 6. e3 Be7 7. Bd3 d5 8. cxd5
Bxd3 9. Qxd3 Nxd5 10. Qb5 Ndb4 11. Bxe7 Qxe7 12. O-O O-O 13. a3 a6 14. Qc4 Na5
15. Qxb4 Qxb4 16. axb4 Nc4 17. Rab1 h6 18. b3 Nd6 19. Ne5 Rad8 20. Rfc1 Kh7 21.
f3 f6 22. Nd3 Nf5 23. Nd1 Rd7 24. Rc6 Re7 25. Nc5 Rfe8 26. Nxa6 e5 27. Rxc7 exd4
28. Rxe7 Rxe7 29. e4 Ne3 30. Nxe3 dxe3 31. Re1 Ra7 32. Nc5 e2 33. Rxe2 Ra1+ 34.
Kf2 Kg6 35. Rd2 Kh5 36. Rd7 g5 37. Rd6 Kg6 38. e5 Kf5 39. Rxb6 1-0

[Event "XXVI Miedzynarodowy Festiwal Szachowy w Poznaniu - OPEN A"]
[Site "Poznan"]
[Date "2018-08-20"]
[Round "3.51"]
[White "Pietras, Igor"]
[Black "Stanislawski, Karol"]
[Result "1-0"]
[WhiteTitle ""]
[BlackTitle ""]
[WhiteElo "1140"]
[BlackElo "1104"]

1. e4 c5 2. c3 Nc6 3. d4 cxd4 4. cxd4 e6 5. Nf3 d5 6. e5 f6 7. Nc3 Bb4 8. Bd2 fxe5
9. dxe5 Nge7 10. Bd3 O-O 11. Ng5 Nxe5 12. Bxh7+ Kh8 13. Qh5 Ng4 14. Qxg4 Nf5 15.
Bxf5 Rxf5 16. Qxf5 exf5 17. Nf7+ Kg8 18. Nxd8 Be7 19. O-O Bxd8 20. Nxd5 Be6 21.
Nf4 Bc4 22. Rfe1 Bf6 23. Bc3 Bg5 24. Ne6 Bh6 25. Nc7 Rf8 26. Re8 Rxe8 27. Nxe8
Kf8 28. Nd6 Be6 29. Re1 Bd7 30. Nxb7 Bf4 31. Bxg7+ Kxg7 32. Re7+ Kf6 33. Rxd7
Bb8 34. h4 Kg6 35. g3 Kf6 36. Kg2 Kg6 37. Kh3 Kf6 38. f3 Kg6 39. g4 Kf6 40. h5
fxg4+ 41. fxg4 Kg5 42. Rg7+ Kf6 43. h6 Bf4 44. g5+ Bxg5 45. Rxg5 Kxg5 46. h7 Kf5
47. h8=Q Ke6 48. Qd4 Kf5 49. Qe3 Kf6 50. Qe4 Kf7 51. Qe5 Kg6 52. Nd6 a5 53. Qe6+
Kg7 54. Nf5+ Kh8 55. Qf6+ Kg8 56. Qg7# 1-0

[Event "XXVI Miedzynarodowy Festiwal Szachowy w Poznaniu - OPEN A"]
[Site "Poznan"]
[Date "2018-08-20"]
[Round "3.52"]
[White "Biniak, Zuzanna"]
[Black "Cichon, Ludwik "]
[Result "1/2-1/2"]
[WhiteTitle ""]
[BlackTitle ""]
[WhiteElo "1048"]
[BlackElo "1139"]

1. e4 e5 2. Nf3 Nc6 3. Bb5 d6 4. O-O Nf6 5. Re1 Bd7 6. c3 a6 7. Ba4 Be7 8. d4 exd4
9. cxd4 Bg4 10. d5 b5 11. Bc2 Ne5 12. Nbd2 Nxf3+ 13. Nxf3 Nd7 14. h3 Bh5 15. Bf4
g5 16. Bg3 f6 17. b4 Ne5 18. Bxe5 fxe5 19. g4 Bg6 20. Kg2 Bf6 21. Rc1 Kf7 22.
Bb1 Qd7 23. Qc2 Rac8 24. Qc6 Ke7 25. Qxd7+ Kxd7 26. Rc6 Ra8 27. Rec1 Ra7 28. a3
Be7 29. Bd3 Rf8 30. Ra1 Kc8 31. Rc2 Be8 32. Rac1 Bd7 33. Kg3 Rg8 34. Nd2 Rh8 35.
Nb3 h5 36. f3 hxg4 37. hxg4 Kb8 38. Na5 Rc8 39. Nc6+ Bxc6 40. Rxc6 Kb7 41. Bc2
Rb8 42. Bd1 Kc8 43. Kf2 Kd7 1/2-1/2

[Event "XXVI Miedzynarodowy Festiwal Szachowy w Poznaniu - OPEN A"]
[Site "Poznan"]
[Date "2018-08-21"]
[Round "4.1"]
[White "Nowak, Mikolaj "]
[Black "Koziak, Vitali "]
[Result "0-1"]
[WhiteTitle ""]
[BlackTitle ""]
[WhiteElo "2101"]
[BlackElo "2476"]

1. e4 c5 2. Nc3 e6 3. g3 Nc6 4. Bg2 g6 5. Nge2 Bg7 6. O-O d6 7. d3 Nge7 8. Be3
Nd4 9. Qd2 O-O 10. Nd1 d5 11. c3 Nxe2+ 12. Qxe2 b6 13. f4 d4 14. Bd2 dxc3 15.
bxc3 Ba6 16. Nf2 Qd7 17. Rfd1 Rad8 18. Bf1 e5 19. fxe5 Bxe5 20. Bh6 Bxc3 21. Bxf8
Rxf8 22. Rac1 Bd4 23. Kh1 f5 24. Bh3 Qd6 25. exf5 Bb7+ 26. Bg2 Bxg2+ 27. Kxg2
Nxf5 28. Ne4 Qd5 29. Kh1 Ne3 30. Re1 Qd7 31. Qd2 Qh3 32. Ng5 Qg4 33. Rxe3 Qxg5
34. Rce1 Bxe3 35. Rxe3 Qf5 36. Re1 Rd8 37. Rd1 Qd5+ 38. Kg1 Qd4+ 39. Kg2 c4 40.
Qe2 Qd5+ 41. Kg1 cxd3 42. Rxd3 Qc5+ 43. Kg2 Qc6+ 44. Kg1 Re8 45. Qf2 Qc4 46. Rd2
Qe4 47. Rd1 Qe3 48. Qxe3 Rxe3 49. Rd8+ Kf7 50. Rd7+ Re7 51. Rd6 Ke8 52. Kf2 Rd7
53. Re6+ Kd8 54. Re2 Kc7 55. Kf3 Kc6 56. Kg4 Kc5 57. Kg5 b5 58. Kh6 Kb4 59. Re3
a5 60. h4 Kc4 61. Re4+ Kc3 62. Re5 Rb7 63. g4 a4 64. a3 Kb2 65. Re3 b4 66. axb4
a3 67. b5 a2 68. Re2+ Ka3 69. Re3+ Ka4 70. Re1 Kxb5 71. Ra1 Ra7 72. Rxa2 Rxa2
73. Kxh7 Kc6 74. Kxg6 Kd7 75. h5 Ke7 76. h6 Kf8 77. Kh7 Ra7+ 78. Kh8 Kf7 79. h7
Ra8# 0-1

[Event "XXVI Miedzynarodowy Festiwal Szachowy w Poznaniu - OPEN A"]
[Site "Poznan"]
[Date "2018-08-21"]
[Round "4.2"]
[White "Sieciechowicz, Marcin"]
[Black "Zakrzewski, Marek"]
[Result "1-0"]
[WhiteTitle ""]
[BlackTitle ""]
[WhiteElo "2424"]
[BlackElo "2333"]

1. d4 Nf6 2. c4 e6 3. Nf3 Bb4+ 4. Bd2 a5 5. Nc3 d6 6. Qc2 Nbd7 7. a3 Bxc3 8. Bxc3
a4 9. e4 Nb6 10. Bb4 O-O 11. e5 Ne8 12. Bd3 f5 13. O-O-O Rf7 14. Rhe1 d5 15. c5
Nd7 16. Qe2 c6 17. Rg1 b6 18. cxb6 Qxb6 19. Ng5 c5 20. dxc5 Nxc5 21. Nxf7 Nxd3+
22. Qxd3 Kxf7 23. g4 Ba6 24. Qf3 Rc8+ 25. Kb1 Qc7 26. gxf5 Qc2+ 27. Ka1 Qxf5 28.
Qxf5+ exf5 29. Rxd5 Bc4 30. Rd7+ Ke6 31. Re7+ Kd5 32. Rd1+ Ke4 33. Rc1 Kd5 34.
Ra7 Rc6 35. Rxa4 Kxe5 36. Re1+ Kf6 37. Rxe8 Bb3 38. Bc3+ Rxc3 39. Ra6+ Kf7 40.
bxc3 1-0

[Event "XXVI Miedzynarodowy Festiwal Szachowy w Poznaniu - OPEN A"]
[Site "Poznan"]
[Date "2018-08-21"]
[Round "4.3"]
[White "Bednarska-bzdega, Malgorzata "]
[Black "Urban, Klaudiusz "]
[Result "0-1"]
[WhiteTitle ""]
[BlackTitle ""]
[WhiteElo "1984"]
[BlackElo "2424"]

1. e4 c6 2. d4 a6 3. Nc3 d5 4. Nf3 Bg4 5. exd5 cxd5 6. Be2 e6 7. Ne5 Bxe2 8. Qxe2
Nf6 9. O-O Be7 10. Bg5 Qb6 11. Qd3 Nc6 12. Rad1 h6 13. Bf4 Rc8 14. Na4 Qa5 15.
Qb3 b5 16. Nc3 Qb6 17. Ne2 Na5 18. Qd3 Nc4 19. Bc1 O-O 20. Ng3 Nxe5 21. dxe5 Nd7
22. Rfe1 Qc7 23. Nh5 Nxe5 24. Qh3 Ng6 25. Rd3 Qxc2 26. g4 Bg5 27. f4 Qxc1 28.
Rxc1 Rxc1+ 29. Kf2 Nxf4 30. Nxf4 Bxf4 31. Rc3 Rc8 32. Rxc8+ Rxc8 33. Qd3 Bxh2
34. Qa3 Be5 35. Qxa6 Rc2+ 36. Ke3 Rxb2 37. Kd3 g6 38. Qa3 Kg7 39. Qa5 b4 40. Qa6
Rg2 41. Qa4 Rxg4 42. Ke2 Re4+ 43. Kf3 Rc4 44. Qd1 h5 45. Qe1 Rc3+ 46. Kg2 Bf6
0-1

[Event "XXVI Miedzynarodowy Festiwal Szachowy w Poznaniu - OPEN A"]
[Site "Poznan"]
[Date "2018-08-21"]
[Round "4.4"]
[White "Kulon, Klaudia "]
[Black "Jaroch, Karol"]
[Result "1/2-1/2"]
[WhiteTitle ""]
[BlackTitle ""]
[WhiteElo "2355"]
[BlackElo "2222"]

1. c4 e6 2. g3 Nf6 3. Bg2 Be7 4. Nf3 O-O 5. O-O b6 6. Nc3 Bb7 7. Qc2 d5 8. cxd5
exd5 9. d4 c6 10. Re1 b5 11. Bg5 Nbd7 12. e4 b4 13. Na4 dxe4 14. Ne5 Nb6 15. Bxf6
Bxf6 16. Nc5 Bxe5 17. dxe5 Qe7 18. Bxe4 g6 19. Nxb7 Qxb7 20. Qxc6 Qxc6 21. Bxc6
Rac8 22. Rac1 Rfd8 23. a4 bxa3 24. bxa3 Rd3 25. a4 Ra3 26. Bb5 Rxc1 27. Rxc1 a6
28. Bxa6 Rxa4 29. Bb7 Rc4 30. Rb1 Nd7 31. f4 Kg7 32. Ra1 g5 33. e6 fxe6 34. fxg5
Kg6 35. h4 Nc5 36. Ra7 Ra4 37. Rxa4 Nxa4 38. Be4+ Kg7 39. Kf2 Nc5 40. Bc2 h6 41.
gxh6+ Kxh6 42. g4 Nd7 43. Kg3 Ne5 44. g5+ Kh5 45. Bb3 Nf7 46. Bd1+ Kg6 47. Kg4
Ne5+ 48. Kf4 Nd3+ 49. Kg3 Ne5 50. Ba4 Kg7 51. Be8 Nc4 52. h5 Nd6 53. Bg6 e5 54.
Kg4 Nc8 55. Bc2 Ne7 56. Bd3 Ng8 57. Bc4 Nh6+ 58. Kf3 Nf5 59. Bd3 Nh6 60. Bg6 Kh8
61. Ke4 Ng4 62. Bf5 Nh6 63. Be6 Kh7 64. Kxe5 Kg7 65. Kd6 Kh8 66. Ke7 Kg7 67. Ke8
Kh8 68. Kd7 Kh7 69. Kd8 Kh8 70. Ke8 Kg7 71. Ke7 Kh8 72. Kf8 Nf5 73. Bf7 Nh4 74.
Bd5 Ng6+ 75. Kf7 Ne5+ 76. Ke6 Ng4 77. Kf5 Nh6+ 78. Kg6 Ng4 79. Be6 Ne5+ 80. Kf6
Ng6 81. Bf5 Nf4 82. Bg4 Nd5+ 83. Kf7 Nf4 84. Bf3 Nh3 85. g6 Ng5+ 86. Kf6 Nxf3
87. h6 Kg8 88. g7 Kh7 89. Kf5 Nd4+ 90. Ke5 Nf3+ 91. Kf6 Kg8 92. Kg6 Ne5+ 93. Kf6
Ng4+ 94. Kg5 Ne5 95. Kf5 Nf7 96. Kg6 Ne5+ 1/2-1/2

[Event "XXVI Miedzynarodowy Festiwal Szachowy w Poznaniu - OPEN A"]
[Site "Poznan"]
[Date "2018-08-21"]
[Round "4.5"]
[White "Khamitskiy, Sergei "]
[Black "Chojnacki, Krzysztof "]
[Result "0-1"]
[WhiteTitle ""]
[BlackTitle ""]
[WhiteElo "2233"]
[BlackElo "2352"]

1. d4 Nf6 2. c4 g6 3. Nc3 Bg7 4. e4 d6 5. h3 O-O 6. Nf3 e5 7. d5 Nh5 8. g3 Na6
9. Be2 f5 10. exf5 gxf5 11. Ng5 Nf6 12. g4 Qe7 13. Rg1 c6 14. Qc2 e4 15. gxf5
Bxf5 16. Be3 Kh8 17. Qd2 cxd5 18. cxd5 Rac8 19. Bg4 Bxg4 20. hxg4 Nb4 21. Ne6
Nd3+ 22. Ke2 Nxd5 23. Nxf8 Nxc3+ 24. bxc3 Qxf8 25. Rg3 Bxc3 26. Qd1 d5 27. Rc1
Nxc1+ 28. Bxc1 d4 29. Qb3 d3+ 0-1

[Event "XXVI Miedzynarodowy Festiwal Szachowy w Poznaniu - OPEN A"]
[Site "Poznan"]
[Date "2018-08-21"]
[Round "4.6"]
[White "Plichta, Kamil "]
[Black "Poltorak, Sebastian"]
[Result "1-0"]
[WhiteTitle ""]
[BlackTitle ""]
[WhiteElo "2337"]
[BlackElo "1854"]

1. e4 c5 2. b4 cxb4 3. a3 e6 4. axb4 Bxb4 5. c3 Be7 6. d4 d6 7. Bd3 e5 8. f4 exf4
9. Bxf4 Nf6 10. Nf3 Bg4 11. O-O h6 12. h3 Bh5 13. Bb5+ Kf8 14. Nbd2 g5 15. Be3
g4 16. Nh4 gxh3 17. Be2 Bxe2 18. Qxe2 Rg8 19. Qf3 hxg2 20. Rf2 Nbd7 21. Bxh6+
Ke8 22. Nf5 Qc7 23. Re1 Qc6 24. Nxe7 Kxe7 25. e5 dxe5 26. dxe5 Qxf3 27. exf6+
Kxf6 28. Nxf3 Kg6 29. Be3 f6 30. Bd4 Kf7 31. Nh4 Rg5 32. Nf5 Kg6 33. Re7 Rxf5
34. Rxg2+ Rg5 35. Rxd7 Rxg2+ 36. Kxg2 a5 37. Rxb7 a4 38. Rb2 Kf7 39. Kf3 Ke6 40.
Ke4 f5+ 41. Kd3 Kd5 42. Rb6 1-0

[Event "XXVI Miedzynarodowy Festiwal Szachowy w Poznaniu - OPEN A"]
[Site "Poznan"]
[Date "2018-08-21"]
[Round "4.7"]
[White "Michalski, Karol "]
[Black "Schmidt, Wlodzimierz "]
[Result "1/2-1/2"]
[WhiteTitle ""]
[BlackTitle ""]
[WhiteElo "1983"]
[BlackElo "2258"]

1. d4 Nf6 2. c4 g6 3. Nc3 d5 4. Bg5 Ne4 5. h4 Bg7 6. cxd5 Nxc3 7. bxc3 Qxd5 8.
Nf3 c5 9. e3 Nc6 10. Qb3 Qxb3 11. axb3 1/2-1/2

[Event "XXVI Miedzynarodowy Festiwal Szachowy w Poznaniu - OPEN A"]
[Site "Poznan"]
[Date "2018-08-21"]
[Round "4.8"]
[White "Malyovanyi, Yulian "]
[Black "Kus, Aleksander"]
[Result "1/2-1/2"]
[WhiteTitle ""]
[BlackTitle ""]
[WhiteElo "2188"]
[BlackElo "1844"]

1. e4 e6 2. d4 d5 3. Nc3 Bb4 4. e5 c5 5. a3 Bxc3+ 6. bxc3 Ne7 7. Qg4 O-O 8. Nf3
Nbc6 9. Bd2 f5 10. Qh5 Qb6 11. Bd3 cxd4 12. O-O dxc3 13. Bxc3 Bd7 14. Rab1 Qc7
15. Rfe1 Rad8 16. Nd4 Nxd4 17. Bxd4 b6 18. Qh4 Nc6 19. Bc3 Bc8 20. Bd2 Bb7 21.
Re3 Rd7 22. Bb5 Rdf7 23. Rh3 g6 24. Bxc6 Qxc6 25. Rc3 Qd7 26. Bg5 Rc8 27. Rg3
Rc4 28. Qh6 Qa4 29. Bf6 Rg4 30. Rbb3 Qf4 31. Qxf4 Rxf4 32. h4 Rg4 33. Rxg4 fxg4
34. Rg3 h5 35. f3 Rc7 36. fxg4 hxg4 37. Rxg4 Kh7 38. Rg5 Ba6 39. h5 gxh5 40. Rxh5+
Kg6 41. Rg5+ Kh6 42. g4 Rxc2 43. Rh5+ 1/2-1/2

[Event "XXVI Miedzynarodowy Festiwal Szachowy w Poznaniu - OPEN A"]
[Site "Poznan"]
[Date "2018-08-21"]
[Round "4.9"]
[White "Glatty, Zbigniew "]
[Black "Orzechowski, Jacek "]
[Result "0-1"]
[WhiteTitle ""]
[BlackTitle ""]
[WhiteElo "1828"]
[BlackElo "2131"]

1. e4 Nc6 2. d4 d5 3. e5 Bf5 4. c3 f6 5. f4 Qd7 6. Nf3 e6 7. Bd3 Bxd3 8. Qxd3 Nh6
9. Nbd2 Be7 10. Nf1 fxe5 11. fxe5 Nf5 12. Ne3 Nh4 13. O-O O-O 14. Qe2 Nxf3+ 15.
Rxf3 Rxf3 16. Qxf3 Rf8 17. Qg4 Nd8 18. Nf1 c5 19. Ng3 Rf7 20. h3 Kh8 21. Be3 cxd4
22. cxd4 Nc6 23. Nh5 Bd8 24. Nf4 Rf5 25. Rf1 Bg5 26. Nxd5 Qxd5 27. Qxg5 Rxf1+
28. Kxf1 Qxa2 29. Qf4 Kg8 30. Bc1 Qc4+ 31. Kg1 Qxd4+ 32. Qxd4 Nxd4 33. Kf2 Nc6
34. Bf4 Kf7 35. Ke3 Ke7 36. Ke4 Kd7 37. Be3 b6 38. Bd2 Ne7 39. Bb4 Nd5 40. Bf8
g6 41. Bh6 a5 42. Kd4 Kc6 43. g3 Kb5 44. Kd3 Kb4 45. Kc2 Kc4 46. Kd2 Kb3 47. Kc1
b5 48. h4 a4 49. g4 Nb4 50. h5 gxh5 51. gxh5 Nd3+ 52. Kb1 Nxb2 53. Be3 Nd3 54.
Bd4 b4 55. Ka1 Kc4 56. Be3 b3 57. h6 a3 58. Bd2 b2+ 59. Ka2 Nb4+ 60. Bxb4 Kxb4
61. Kb1 Kc3 0-1

[Event "XXVI Miedzynarodowy Festiwal Szachowy w Poznaniu - OPEN A"]
[Site "Poznan"]
[Date "2018-08-21"]
[Round "4.10"]
[White "Wojdak, Jan"]
[Black "Garbowski, Jakub "]
[Result "0-1"]
[WhiteTitle ""]
[BlackTitle ""]
[WhiteElo "1818"]
[BlackElo "2129"]

1. e4 c5 2. Nf3 e6 3. d4 cxd4 4. Nxd4 Nf6 5. Nc3 d6 6. Be2 a6 7. f4 Qc7 8. Be3
Nbd7 9. Bf3 Rb8 10. a4 Nb6 11. O-O Nc4 12. Qe1 Be7 13. Be2 O-O 14. Bxc4 Qxc4 15.
a5 Bd7 16. Qd1 Rbd8 17. Qf3 e5 18. fxe5 dxe5 19. Nf5 Bxf5 20. Qxf5 Bc5 21. Bxc5
Qxc5+ 22. Kh1 Rd6 23. Rad1 Re6 24. Ra1 Qb4 25. Qf3 Rc6 26. Rfb1 Rd8 27. Rd1 Rd4
28. Ne2 Rdd6 29. Rxd6 Rxd6 30. Qc3 Qxc3 31. Nxc3 Rd2 32. Rc1 Ng4 33. Nb1 Rd4 34.
Nc3 Nf2+ 35. Kg1 Nxe4 36. Nxe4 Rxe4 37. Rd1 Kf8 38. Rd7 Rb4 39. b3 g6 40. Kf2
Kg7 41. Ke3 Kf6 42. Kd3 Ke6 43. Rc7 Rd4+ 44. Ke3 Rd7 45. Rc8 f5 46. g3 Kd6 47.
c4 Rc7 48. Rd8+ Kc5 49. Kd3 e4+ 50. Kc3 Kc6 51. b4 Rd7 52. Rc8+ Kd6 53. Re8 Re7
54. Rd8+ Kc7 55. Rd2 g5 56. Rf2 e3 57. Re2 f4 58. gxf4 gxf4 59. Kd3 Kd6 60. Kd4
Rf7 61. Re1 Re7 62. b5 e2 63. c5+ Kc7 64. bxa6 bxa6 65. Kd3 f3 66. Kd2 f2 0-1

[Event "XXVI Miedzynarodowy Festiwal Szachowy w Poznaniu - OPEN A"]
[Site "Poznan"]
[Date "2018-08-21"]
[Round "4.11"]
[White "Raczynski, Krzysztof "]
[Black "Kacprzak, Karol"]
[Result "1/2-1/2"]
[WhiteTitle ""]
[BlackTitle ""]
[WhiteElo "2111"]
[BlackElo "1799"]

1. e4 c5 2. Nf3 d6 3. d4 cxd4 4. Nxd4 Nf6 5. Nc3 a6 6. Be3 e6 7. g4 h6 8. Bg2 Nbd7
9. Qe2 Qc7 10. O-O-O Ne5 11. h3 Nc4 12. Kb1 Nxe3 13. Qxe3 Nd7 14. f4 Be7 15. h4
Nb6 16. g5 hxg5 17. hxg5 Rxh1 18. Rxh1 Bd7 19. Rh8+ Bf8 20. g6 fxg6 21. Bh3 Qc5
22. Bxe6 Bxe6 23. Rxf8+ Kd7 24. Rxa8 Nxa8 25. b3 b5 26. Nce2 Nc7 27. Kb2 Bg4 28.
Qg3 Bxe2 29. Nxe2 Qh5 30. Nc3 Ke6 31. f5+ gxf5 32. Qxg7 Ne8 33. Qg8+ Kd7 34. Qd5
Nc7 35. Qxf5+ Qxf5 36. exf5 Ke7 37. Ne2 Kf6 38. Nd4 Nd5 39. c3 Ke5 40. b4 Ne3
41. Nc6+ Kxf5 42. Nb8 Ke6 43. Kb3 Kd5 44. Nxa6 Kc6 45. a4 bxa4+ 46. Kxa4 Kb6 47.
b5 Nc4 48. Kb4 Nb2 49. c4 Nd3+ 50. Kc3 Ne5 51. Kd4 Nd7 52. Kd5 Ne5 53. Kd4 Nf3+
54. Ke4 Nd2+ 55. Kd5 Kb7 56. Nb4 Kb6 57. Nc6 Kc7 58. Ne7 Nb1 59. Nf5 Nc3+ 60.
Ke6 d5 61. cxd5 Nxb5 62. Ke7 Kb6 63. Ne3 Kc5 64. Kd7 Nc3 65. d6 Ne4 66. Nf5 Nxd6
67. Nxd6 1/2-1/2

[Event "XXVI Miedzynarodowy Festiwal Szachowy w Poznaniu - OPEN A"]
[Site "Poznan"]
[Date "2018-08-21"]
[Round "4.12"]
[White "Lesien, Przemyslaw "]
[Black "Zadymov, Ihor"]
[Result "0-1"]
[WhiteTitle ""]
[BlackTitle ""]
[WhiteElo "1793"]
[BlackElo "2102"]

1. e4 c5 2. Nf3 d6 3. d4 cxd4 4. Nxd4 Nf6 5. Nc3 a6 6. f4 g6 7. Be2 Bg7 8. Be3
O-O 9. Nb3 Nc6 10. g4 b5 11. g5 Nd7 12. Nd4 Bb7 13. a3 Rc8 14. O-O Nb6 15. f5
Ne5 16. f6 exf6 17. gxf6 Bxf6 18. Nf5 gxf5 19. Rxf5 Kh8 20. Nd5 Rg8+ 21. Kf1 Nxd5
22. exd5 Qd7 23. Rh5 Rg6 24. Bd3 Nxd3 25. Qxd3 Qg4 26. Rf5 Re8 0-1

[Event "XXVI Miedzynarodowy Festiwal Szachowy w Poznaniu - OPEN A"]
[Site "Poznan"]
[Date "2018-08-21"]
[Round "4.13"]
[White "Janicki, Rafal "]
[Black "Vesely, Vitek"]
[Result "1/2-1/2"]
[WhiteTitle ""]
[BlackTitle ""]
[WhiteElo "1800"]
[BlackElo "2081"]

1. e4 c5 2. Nf3 e6 3. c3 Nf6 4. e5 Nd5 5. d4 cxd4 6. cxd4 b6 7. Nc3 Nxc3 8. bxc3
Qc7 9. Bd2 Bb7 10. Bd3 d6 11. O-O Nd7 12. Bf4 Be7 13. Rc1 O-O 14. Ng5 Bxg5 15.
Qh5 h6 16. Bxg5 dxe5 17. Bxh6 gxh6 18. Qxh6 e4 19. Qg5+ Kh7 1/2-1/2

[Event "XXVI Miedzynarodowy Festiwal Szachowy w Poznaniu - OPEN A"]
[Site "Poznan"]
[Date "2018-08-21"]
[Round "4.14"]
[White "Bajerlein, Dawid "]
[Black "Wawrzyniak, Pawel"]
[Result "1-0"]
[WhiteTitle ""]
[BlackTitle ""]
[WhiteElo "2062"]
[BlackElo "1814"]

1. d4 d5 2. c4 c6 3. Nc3 Nf6 4. Nf3 e6 5. Bg5 dxc4 6. e4 b5 7. e5 h6 8. Bh4 g5
9. Nxg5 hxg5 10. Bxg5 Nbd7 11. g3 Qb6 12. exf6 Bb7 13. Bg2 c5 14. d5 O-O-O 15.
O-O b4 16. Na4 Qb5 17. a3 Nb8 18. axb4 cxb4 19. Be3 Bxd5 20. Bxd5 Rxd5 21. Qe2
Nc6 22. Rfc1 Ne5 23. b3 c3 24. Nxc3 bxc3 25. Rxc3+ Kb8 26. Bxa7+ Kb7 27. Qxb5+
Rxb5 28. Be3 Bd6 29. Ra7+ Kb8 30. h4 Rb7 31. Ra6 Bb4 32. Rc1 Nd3 33. Rd1 Rd8 34.
Bf4+ Nxf4 35. Rxd8+ Kc7 36. Rh8 Nd3 37. h5 Bc5 38. h6 Ne5 39. h7 Ng6 40. Rg8 Rxb3
41. Rxg6 1-0

[Event "XXVI Miedzynarodowy Festiwal Szachowy w Poznaniu - OPEN A"]
[Site "Poznan"]
[Date "2018-08-21"]
[Round "4.15"]
[White "Golek-schild, Jagoda "]
[Black "Aleshko, Margarita "]
[Result "1-0"]
[WhiteTitle ""]
[BlackTitle ""]
[WhiteElo "2033"]
[BlackElo "1219"]

1. e4 e6 2. d4 d5 3. Nd2 Nf6 4. e5 Nfd7 5. Bd3 c5 6. c3 Qb6 7. Ne2 Nc6 8. Nf3 cxd4
9. cxd4 Be7 10. O-O a5 11. Bc2 Nb4 12. Bb1 Qc7 13. Bg5 f6 14. exf6 gxf6 15. Bf4
Bd6 16. Bg3 b6 17. Nc3 Ba6 18. Re1 Kf7 19. a3 Nc6 20. Nh4 Rae8 21. Qh5+ Kg7 22.
Nxd5 exd5 23. Nf5+ 1-0

[Event "XXVI Miedzynarodowy Festiwal Szachowy w Poznaniu - OPEN A"]
[Site "Poznan"]
[Date "2018-08-21"]
[Round "4.16"]
[White "Leskiewicz, Ignacy "]
[Black "Szymanski, Zbigniew"]
[Result "1/2-1/2"]
[WhiteTitle ""]
[BlackTitle ""]
[WhiteElo "1964"]
[BlackElo "1804"]

1. e4 c5 2. Nf3 e6 3. d4 cxd4 4. Nxd4 Qb6 5. Nb3 Qc7 6. Nc3 a6 7. Qf3 Nf6 8. Qg3
Qxg3 9. hxg3 Nc6 10. Be2 b5 11. f3 Be7 12. Be3 d6 13. O-O-O Bb7 14. g4 O-O-O 15.
g5 Nd7 16. f4 Nc5 17. Bg4 Kc7 18. Nxc5 dxc5 19. Rxd8 Nxd8 20. Bf3 Bc6 21. a3 Nb7
22. f5 e5 23. Nd5+ Bxd5 24. exd5 Nd6 25. f6 gxf6 26. gxf6 Bxf6 27. Bxc5 Bg5+ 28.
Kb1 f5 29. b3 h6 30. Re1 e4 31. Be2 Bd2 32. Bd4 Rg8 33. Rg1 f4 34. c4 bxc4 35.
bxc4 Nf5 36. Be5+ Kb6 37. Kc2 Be3 38. Rb1+ Kc5 39. Rb7 Rxg2 40. Rc7+ Kb6 41. Rc6+
Kb7 42. Rc7+ Kb6 43. Rc6+ Kb7 44. Rc7+ Kb6 45. Rc6+ 1/2-1/2